000 00398pab a2200157 454500
008 180718b2010 xxu||||| |||| 00| 0 eng d
100 _aGubbi, Sanjay
245 _aAre conservation funds degrading wildlife habitats?
260 _c2010
300 _ap.22-25.
362 _a26 Jun
650 _aWildlife conservation
773 _aEconomic and Political Weekly
908 _aN
909 _a86961
999 _c86961
_d86961